50 Richest Countries in the world - Statistics

General Stats
  • This quiz has been taken 69 times
  • The average score is 40 of 50
Answer Stats
GDP per capita Country % Correct
$59,179 Canada
98%
$78,422 United States
98%
$42,647 France
97%
$33,663 Italy
97%
$234,317 Monaco
97%
$88,749 Norway
97%
$60,474 Sweden
97%
$68,024 Australia
95%
$66,394 Denmark
95%
$49,431 Germany
95%
$106,998 Ireland
95%
$35,034 Japan
95%
$128,820 Luxembourg
95%
$57,629 Netherlands
95%
$49,009 New Zealand
95%
$29,730 Spain
95%
$94,835 Switzerland
95%
$51,287 United Kingdom
95%
$52,317 Austria
93%
$77,961 Iceland
93%
$34,768 South Korea
93%
$51,178 Finland
92%
$25,487 Portugal
92%
$50,907 Belgium
90%
$169,260 Liechtenstein
90%
$84,501 Singapore
90%
$48,263 United Arab Emirates
90%
$40,644 Andorra
89%
$47,485 San Marino
89%
$27,009 Saudi Arabia
89%
$89,417 Qatar
87%
$33,793 Malta
85%
$58,274 Israel
84%
$35,256 Kuwait
84%
$23,194 Oman
84%
$36,834 Taiwan
82%
$41,714 Brunei
77%
$29,077 Bahrain
75%
$31,216 Estonia
74%
$29,857 Czechia
72%
$30,240 Cyprus
69%
$30,841 Slovenia
69%
$25,656 Lithuania
66%
$34,549 Bahamas
59%
$52,133 Hong Kong
41%
$23,620 Iran
41%
$55,645 Macao
21%
$114,090 Bermuda
18%
$40,361 Puerto Rico
8%
$33,483 Aruba
3%
No matching quizzes found
Score Distribution
Percent of People with Each Score
Percentile by Number Answered
Your Score History
You have not taken this quiz